| 000 | 00795nam a2200265 i 4500 | ||
|---|---|---|---|
| 001 | 17022 | ||
| 003 | ES-MaACL | ||
| 005 | 20250526173554.0 | ||
| 007 | t| | ||
| 008 | 001214s1996 sp |||| |aspa d | ||
| 020 | _a84-339-3072-9 | ||
| 080 | _a821.112.2(436)-94"19" | ||
| 080 | _a929 Bernhard, Thomas | ||
| 100 | 1 |
_aBernhard, Thomas. _928324 |
|
| 245 | 1 | 3 |
_aEl frío _b: un aislamiento / _cThomas Bernhard ; traducción de Miguel Sáenz. |
| 250 | _a3ª ed. | ||
| 260 |
_aMadrid : _bAnagrama, _c1996. |
||
| 300 |
_a141 p. ; _c20 cm. |
||
| 490 | 1 |
_aPanorama de narrativas ; _v72 |
|
| 600 | 0 | 4 |
_aBernhard, Thomas. _928324 |
| 700 | 1 |
_aSáenz, Miguel, _d1932- _9101299 |
|
| 830 | 0 | 0 |
_aPanorama de narrativas _v72 _9123642 |
| 852 |
_aES-MaACL _jL-24039 |
||
| 999 |
_c17022 _d17022 |
||